000 00653cam a2200253 4500
001 J61784
008 000000n2000 000 0 eng u
035 _a(Sirsi) u107170
050 _a333.337094223
110 _aCluttons
_92064
245 4 _aThe Kent property market 2000
260 _aLondon
_bCluttons
_c2000
300 _a20p. ; 30cm.
650 _aBUSINESS PARKS
650 _aINDUSTRIAL PROPERTY
650 _aOFFICES
650 _aPROPERTY INVESTMENT
650 _aPROPERTY MARKET
650 _aRENT
650 _aRETAIL PROPERTY
690 _aPROPERTY-COMMERCIAL PROPERTY
710 _aKent County Council
_91554
942 _n0
999 _c100663
_d100663